LEADER 01271nam 2200397 450 001 9910480137103321 010 $a1-62637-876-2 035 $a(CKB)4100000008860376 035 $a(MiAaPQ)EBC5841977 035 $a(EXLCZ)994100000008860376 100 $a20190814d2014 uy 0 101 0 $aeng 135 $aurcnu|||||||| 181 $ctxt$2rdacontent 182 $cc$2rdamedia 183 $acr$2rdacarrier 200 14$aThe presidents' wives $ethe office of the first lady in US politics /$fRobert P. Watson 205 $aSecond edition. 210 1$aBoulder, Colorado ;$aLondon :$cLynne Rienner Publishers,$d[2014] 210 4$dİ2014 215 $a1 online resource (xii, 260 pages) $cillustrations 311 $a1-62637-162-8 320 $aIncludes bibliographical references (pages 233-245) and index. 606 $aPresidents' spouses$zUnited States$xHistory 607 $aUnited States$xPolitics and government 608 $aElectronic books. 615 0$aPresidents' spouses$xHistory. 676 $a973.099 700 $aWatson$b Robert P.$f1962-$0883039 801 0$bMiAaPQ 801 1$bMiAaPQ 801 2$bMiAaPQ 906 $aBOOK 912 $a9910480137103321 996 $aThe presidents' wives$92179270 997 $aUNINA LEADER 01576nam 2200493 450 001 9910712004503321 005 20190501090350.0 035 $a(CKB)5470000002490062 035 $a(OCoLC)1099564828 035 $a(EXLCZ)995470000002490062 100 $a20190501d2017 ua 0 101 0 $aeng 135 $aur||||||||||| 181 $ctxt$2rdacontent 182 $cc$2rdamedia 183 $acr$2rdacarrier 200 10$aAccelerated aging of preservative-treated structural plywood /$fC. Adam Senalik [and four others] 210 1$aMadison, WI :$cUnited States Department of Agriculture, Forest Service, Forest Products Laboratory,$d2017. 215 $a1 online resource (17 pages) $cillustrations (some color) 225 1 $aResearch paper FPL-RP ;$v691 300 $a"July 2017." 320 $aIncludes bibliographical references (pages 10-13). 606 $aPlywood$xTesting 606 $aMoisture 606 $aTemperature 606 $aLoads (Mechanics) 606 $aFlexure 606 $aShear (Mechanics) 606 $aPlywood$xPreservation 615 0$aPlywood$xTesting. 615 0$aMoisture. 615 0$aTemperature. 615 0$aLoads (Mechanics) 615 0$aFlexure. 615 0$aShear (Mechanics) 615 0$aPlywood$xPreservation. 700 $aSenalik$b C. Adam$01417316 712 02$aForest Products Laboratory (U.S.), 801 0$bGPO 801 1$bGPO 906 $aBOOK 912 $a9910712004503321 996 $aAccelerated aging of preservative-treated structural plywood$93525326 997 $aUNINA